Batman On Film Stars - Statistics

General Stats
  • This quiz has been taken 68 times
  • The average score is 13 of 14
Answer Stats
Film Character Answer % Correct
Batman Returns Batman Christian Bale
96%
Dark Knight Batman Christian Bale
96%
Dark Knight Rises Batman Christian Bale
96%
Batman and Robin Batman George Clooney
96%
Dark Knight Joker Heath Ledger
96%
Batman Batman Michael Keaton
96%
Batman Returns Batman Michael Keaton
96%
Batman Joker Jack Nicholson
94%
Batman Returns Penguin Danny DeVito
92%
Batman Forever Riddler Jim Carey
90%
Dark Knight Rises Bane Tom Hardy
86%
Batman Forever Batman Val Kilmer
86%
Batman and Robin Poison Ivy Uma Thurman
78%
Batman Returns Henri Ducard Liam Neeson
61%
No matching quizzes found
Score Distribution
Percent of People with Each Score
Percentile by Number Answered
Your Score History
You have not taken this quiz